00446nam a2200169Ia 4500008004100000020001500041041000800056082001900064100001800083245005800101260004000159300000800199365001100207650002300218650001900241700001600260140306s9999 xx 000 0 und d a8185814066 aeng a657.48bNAN/FI aNand, Dhamaja aFinance and acocunting for managorial competitiveness aNew DelhibWheeler Publishingc1993 a347 bRs.105 aCapital management aRadio analysis aSastry, K S